000 00624nam a22001457a 4500
020 _a0-533-48333-1
082 _a823
_bSTO/G
100 _aSTONE, TOM.B
245 _aSLIME LAKE
_bGRAVEYARD SCHOOL
260 _aNEW YORK
_bDELL PUBLISHING GROUP
_c1995
300 _a102
520 _aEven though their uncle is an old grouch, Marc and Terri,enjoy the lake and their summer friends in Grove Hill. But this summer is different. Suddenly the once placid lake has motorboats, fishermen, and crowds. Even worse is the gross green slime that's been popping up on boats and docks and swimmers.
650 _aSHORT STORY
942 _cBK
999 _c6570
_d6570